00560 a2200121 450000500170000010000310001724501700004825000080021826000540022694200070028099900190028795201320030620260325131152.0 a Morvanchikar R. S9217284 aआधुनिक महाराष्ट्राची जडणघडण शिल्पकार चरित्रकोश खंड १ : इतिहास a1st bSaptahik Vivek Hindusthan Prakashan Samsthac2009 cAR c370774d370774 00102ddc4070aCCEPbCCEPd2026-02-28e223g375.00l0o730.92 MORpCCEP-BK-70462r2026-02-28 00:00:00v375.00w2026-02-28yBK